Orixás africanos - Statistics

Estatísticas Gerais
  • Esse quiz foi jogado 80 vezes
  • A pontuação média é 8 de 12
Estatísticas das Respostas
Dica Resposta % Correto
Deus do Ferro, do Fogo e da Guerra Ogum
92%
Deusa dos Mares, Lagos e da Fertilidade Iemanjá/Yemanjá
90%
Deusa do Amor, do Ouro e dos Rios Oxum
85%
Deus da Caça e da Fartura Oxóssi
82%
Deus da Criação Oxalá
79%
Mensageiro dos Deuses e Guardião dos Caminhos Exu
76%
Deusa dos Ventos e da Tempestade Iansã/Oiá
76%
Deus da Justiça Xangô
72%
Deusa da Sabedoria, dos Pântanos e da Morte Nanã
59%
Deus da Cura Obaluê/Obaluaiê/Omolu
54%
Deus da Pesca Logunedé/Logun Edé
32%
Deus das Folhas e Ervas Medicinais Ossanha/Ossaim/Ossanhe
28%
Nenhum quiz correspondente encontrado
Distribuição das Pontuações
Porcentagem de Pessoas com Cada Pontuação
Percentil de Números Respondidos
Sua Pontuação Histórica
Você não jogou esse quiz